000 nam a22 7a 4500
999 _c9194
_d9194
008 180124b ||||| |||| 00| 0 eng d
100 _aElliot.J.etal.
_95454
245 _aOxford Dictionary & Thesaurus
260 _aNewyork
_bOxford University press
_c2001